000 00787nam a22002417a 4500
005 20170124105932.0
010 _a907873
020 _c00.00
035 _a907873
037 _bCen Lib/Ret
040 _aDPL
_bEN
082 _a301.45
_bWIE
100 _aWiebe, Paul D.
_98638
245 _aIndian Malaysians :
_cby Paul D. Wiebe [and] S. Mariappen
_bthe view from the plantation /
260 _aNew Delhi
_bManohar
_c1978
270 _a5, Ansari Road, Darya Ganj
_bNew Delhi
_e110002
300 _avi,196p.
_c21m(Hb)
500 _aIncludes bibliographical references and index
650 _aRubber plantation workers -- Malaysia -- Malaya
_973832
650 _aMalaya -- Race relations
_98640
700 _aMariappen, S.
_98641
942 _2ddc
_cEN
_h301.45
_mWIE
999 _c123941
_d123941